000 01027cam a2200289 i 4500
001 42651
003 Mx-PuUPA
005 20211013100254.0
008 140415s2008 gjm gr 001 0 spa d
020 _qen trámite
040 _aMx-PuUPA
_bspa
_cMx-PuUPA
_dMx-PuUPA
_erda
041 0 _aspa
043 _an-mx-gj
100 1 _aGarcía Gallegos, Diana,
_911394
_eautor
245 1 3 _aEl desarrollo autónomo del niño preescolar y su constitución como sujeto social /
_cDiana García Gallegos
250 _aPrimera edición
264 1 _a[Guanajuato, México] :
_bBenemérita y Centenaria Escuela Nacional Oficial de Guanajuato,
_c2008
300 _a267 páginas ;
_c22 cm
336 _2rdacontent
_atexto
_btxt
337 _2rdamedia
_asin medio
_bn
338 _2rdacarrier
_avolumen
_bnc
650 4 _aDesarrollo infantil
_xAspectos sociales
942 _2ddc
_h305.233
_iG212
_cLI
999 _c42651
_d42651